[Event "XXIII Festival A"]
[Site "Porto San Giorgio ITA"]
[Date "2011.08.24"]
[Round "5"]
[White "Pepe, Mario"]
[Black "Rinaudo, Sergio"]
[Result "0-1"]
[WhiteElo "1999"]
[BlackElo "2144"]
[PlyCount "92"]
[EventDate "2011.08.21"]

1. e4 e5 2. Nf3 Nf6 3. Nc3 Bb4 4. Bc4 O-O 5. d3 d5 6. exd5 Nxd5 7. Bd2 Nxc3 8.
bxc3 Bd6 9. Rb1 Nc6 10. Ng5 h6 11. Ne4 Be7 12. Qh5 Na5 13. Bb3 Nxb3 14. Rxb3 b6
15. O-O Be6 16. c4 f5 17. Ng3 Kh7 18. Qe2 Bd6 19. Bc3 f4 20. Ne4 Qh4 21. f3 Rf5
22. g4 fxg3 23. Nxg3 Rg5 24. Qe4+ Qxe4 25. fxe4 Bh3 26. Bd2 Bc5+ 27. d4 Bxd4+
28. Be3 Bxe3+ 29. Rxe3 Bxf1 30. Kxf1 Rd8 31. Ke2 Rd4 32. Rf3 Rxc4 33. Kd2 Rg6
34. Rf5 Rd6+ 35. Kc1 Rdc6 36. Rf2 g6 37. Re2 Rf6 38. Kb2 Rf3 39. Nh1 Rf4 40.
Nf2 Kg7 41. c3 Kf6 42. Kc2 h5 43. Kd3 Ra4 44. Nd1 c6 45. Nf2 g5 46. Nd1 g4 0-1

[Event "XXIII Festival A"]
[Site "Porto San Giorgio ITA"]
[Date "2011.08.24"]
[Round "5"]
[White "Peron, Davide"]
[Black "Ripa', Daniele"]
[Result "0-1"]
[WhiteElo "1850"]
[BlackElo "1966"]
[PlyCount "62"]
[EventDate "2011.08.21"]

1. e4 c5 2. Nf3 e6 3. d4 cxd4 4. Nxd4 a6 5. Be2 Nf6 6. Bf3 Qc7 7. Nc3 Be7 8.
Nde2 Nc6 9. Bf4 d6 10. O-O O-O 11. Ng3 Nd7 12. Be3 b5 13. Nce2 Bb7 14. Nd4 Nce5
15. Be2 Rac8 16. b3 Nf6 17. f3 Ned7 18. c4 bxc4 19. Bxc4 d5 20. Bd3 dxe4 21.
Rc1 Qd6 22. fxe4 Ne5 23. Qc2 Nxe4 24. Nxe4 Rxc2 25. Nxd6 Rxg2+ 26. Kh1 Bxd6 27.
Nc6 Rxa2 28. Bf4 Rc8 29. Bxe5 Rxc6 30. Rxc6 Bxc6+ 31. Kg1 Rg2+ 0-1

[Event "XXIII Festival A"]
[Site "Porto San Giorgio ITA"]
[Date "2011.08.24"]
[Round "5"]
[White "Piccinini, Samuele"]
[Black "Iaconi, Andrea"]
[Result "1-0"]
[WhiteElo "1903"]
[BlackElo "1832"]
[PlyCount "77"]
[EventDate "2011.08.21"]

1. d4 Nf6 2. c4 g6 3. Nc3 d5 4. Bg5 Ne4 5. Nf3 Nxc3 6. bxc3 Bg7 7. e3 O-O 8.
cxd5 Qxd5 9. Bxe7 Re8 10. Bh4 Bg4 11. Be2 c5 12. O-O Nc6 13. Re1 cxd4 14. cxd4
Nb4 15. a3 Na2 16. Qd2 Be6 17. Ng5 Bf6 18. Nxe6 Bxh4 19. Nf4 Qf5 20. Rxa2 Bxf2+
21. Kxf2 g5 22. Bd3 Qf6 23. Kg1 gxf4 24. Rf1 fxe3 25. Rxf6 exd2 26. Rxd2 Kg7
27. Rf3 Rac8 28. Rg3+ Kf8 29. Bxh7 Rc1+ 30. Kf2 Ree1 31. Rg8+ Ke7 32. Re2+
Rxe2+ 33. Kxe2 Ra1 34. Rg3 b5 35. Rc3 a5 36. Bd3 b4 37. axb4 axb4 38. Rc7+ Kf6
39. Bc4 1-0

[Event "XXIII Festival A"]
[Site "Porto San Giorgio ITA"]
[Date "2011.08.24"]
[Round "5"]
[White "Piro, Valerio"]
[Black "Esposito, Luca"]
[Result "0-1"]
[WhiteElo "2008"]
[BlackElo "2235"]
[PlyCount "106"]
[EventDate "2011.08.21"]

1. e4 c5 2. c3 Nf6 3. e5 Nd5 4. d4 cxd4 5. Qxd4 Nc7 6. Nf3 Nc6 7. Qe4 g6 8. Bc4
Bg7 9. Bf4 O-O 10. Nbd2 d5 11. exd6 exd6 12. O-O Bf5 13. Qe2 Re8 14. Qd1 Ne5
15. Be2 Ne6 16. Be3 Ng4 17. Bd4 Ne5 18. Nb3 Be4 19. Re1 Qc7 20. Nfd2 Bc6 21.
Qc2 Nf4 22. Bxe5 Nxe2+ 23. Rxe2 dxe5 24. Nf3 Bxf3 25. gxf3 Re6 26. Rae1 Qe7 27.
Qe4 Bh6 28. Qg4 Bf4 29. Nd2 Rd8 30. Nc4 h5 31. Qh3 Rd3 32. Ne3 e4 33. fxe4 Rxe4
34. Kh1 Kh7 35. Rg1 Bxe3 36. fxe3 Rdxe3 37. Rxe3 Rxe3 38. Qf1 Qe4+ 39. Qg2
Qxg2+ 40. Rxg2 Re1+ 41. Rg1 Rxg1+ 42. Kxg1 g5 43. Kf2 Kg6 44. Ke3 Kf5 45. c4
Ke5 46. b4 f5 47. a4 f4+ 48. Kf2 Kd4 49. c5 a5 50. c6 bxc6 51. bxa5 Kc5 52. Kf3
Kd6 53. a6 Kc7 0-1

[Event "XXIII Festival A"]
[Site "Porto San Giorgio ITA"]
[Date "2011.08.24"]
[Round "5"]
[White "Piva, Giorgio"]
[Black "Viaggi, Stefano"]
[Result "1/2-1/2"]
[WhiteElo "2204"]
[BlackElo "2010"]
[PlyCount "60"]
[EventDate "2011.08.21"]

1. d4 g6 2. Bf4 d6 3. e3 Bg7 4. Nf3 Nd7 5. h3 e5 6. Bh2 exd4 7. exd4 Ne7 8. Be2
O-O 9. O-O Nf6 10. c4 b6 11. Nc3 Bb7 12. d5 Nd7 13. Nd4 Nf5 14. Nxf5 gxf5 15.
Bf4 Qh4 16. Qd2 Rae8 17. Rfe1 Nc5 18. Bf3 Nd3 19. Qxd3 Qxf4 20. g3 Qg5 21. Bg2
a6 22. Re2 Rxe2 23. Qxe2 Bxc3 24. bxc3 f4 25. Kh2 fxg3+ 26. fxg3 Qe5 27. Re1
Qxe2 28. Rxe2 f6 29. Re7 Rf7 30. Re8+ Rf8 1/2-1/2

[Event "XXIII Festival A"]
[Site "Porto San Giorgio ITA"]
[Date "2011.08.24"]
[Round "5"]
[White "Proietti, Tosca"]
[Black "Liguori, Renato"]
[Result "1/2-1/2"]
[WhiteElo "1821"]
[BlackElo "2100"]
[PlyCount "91"]
[EventDate "2011.08.21"]

1. e4 e6 2. d4 d5 3. Nc3 dxe4 4. Nxe4 Bd7 5. Nf3 Bc6 6. Bd3 Nd7 7. c3 Ngf6 8.
Qe2 Be7 9. O-O Bxe4 10. Bxe4 Nxe4 11. Qxe4 c6 12. Qe2 O-O 13. Bf4 Nf6 14. c4
Qa5 15. a3 Rad8 16. b4 Qh5 17. Rad1 Rd7 18. h3 Rfd8 19. Rfe1 Bd6 20. Bg5 h6 21.
Be3 a6 22. Qc2 Bb8 23. Rd2 b5 24. cxb5 cxb5 25. Qc6 Rd6 26. Qc5 Rd5 27. Qc6 g5
28. Ne5 g4 29. hxg4 Nxg4 30. Nxg4 Qxg4 31. f3 Qh4 32. Bf2 Qh2+ 33. Kf1 h5 34.
Bg1 Qf4 35. Be3 Qf6 36. Qc2 h4 37. Qe4 Qf5 38. Qxh4 Qg6 39. Bf2 R8d7 40. Re4
Rh5 41. Rg4 Rxh4 42. Rxg6+ fxg6 43. Bxh4 Kf7 44. Bg5 Ba7 45. Be3 Rc7 46. Ke2
1/2-1/2

[Event "XXIII Festival A"]
[Site "Porto San Giorgio ITA"]
[Date "2011.08.24"]
[Round "5"]
[White "Ragonese, Lucio Rosario"]
[Black "Della Sala, Bruno"]
[Result "1-0"]
[WhiteElo "1969"]
[BlackElo "1818"]
[PlyCount "57"]
[EventDate "2011.08.21"]

1. d4 d5 2. Nf3 Nf6 3. Bg5 e6 4. Nbd2 Be7 5. e3 O-O 6. Bd3 Nbd7 7. c3 c5 8. Ne5
Nxe5 9. dxe5 Nd7 10. Bf4 Re8 11. h4 Nf8 12. Nf3 Bd7 13. Ng5 f6 14. Nf3 f5 15.
g4 fxg4 16. Ng5 c4 17. Bc2 Qb6 18. Rb1 h6 19. Qxg4 hxg5 20. hxg5 g6 21. Qh4 Kf7
22. Qh8 Rec8 23. Bxg6+ Kxg6 24. Qh5+ Kf5 25. g6+ Ke4 26. g7 Be8 27. Qg4 Bf7 28.
f3+ Kd3 29. Rd1+ 1-0

[Event "XXIII Festival A"]
[Site "Porto San Giorgio ITA"]
[Date "2011.08.24"]
[Round "5"]
[White "Ruggeri, Pietro"]
[Black "Ghidinelli, Giorgio"]
[Result "1/2-1/2"]
[WhiteElo "2070"]
[BlackElo "1913"]
[PlyCount "88"]
[EventDate "2011.08.21"]

1. e4 e6 2. d4 d5 3. Nc3 Nf6 4. Bg5 Bb4 5. Nge2 h6 6. Bxf6 gxf6 7. a3 Be7 8.
exd5 exd5 9. Nf4 c6 10. Qe2 Na6 11. O-O-O Nc7 12. Nh5 Qd6 13. h3 Ne6 14. g3 Bd7
15. f4 Rg8 16. Kb1 O-O-O 17. f5 Ng7 18. Nxg7 Rxg7 19. g4 Re8 20. Qf3 Bd8 21.
Bd3 Bc7 22. Rhf1 b5 23. Ne2 a5 24. c3 Rgg8 25. Rde1 Re7 26. Nc1 Rge8 27. Rxe7
Rxe7 28. Rf2 Kd8 29. Re2 Rxe2 30. Bxe2 c5 31. dxc5 Qxc5 32. Nb3 Qd6 33. Nd4 b4
34. axb4 axb4 35. Bb5 bxc3 36. Qxc3 Bb6 37. Bxd7 Kxd7 38. Nc2 d4 39. Qd3 Qd5
40. b4 Kc6 41. Kb2 Kd6 42. Na3 Kc6 43. Nc4 Ba7 44. Na5+ Kb6 1/2-1/2

[Event "XXIII Festival A"]
[Site "Porto San Giorgio ITA"]
[Date "2011.08.24"]
[Round "5"]
[White "Sagripanti, Michele"]
[Black "De Nisi, Giuseppe"]
[Result "1-0"]
[WhiteElo "1990"]
[BlackElo "1818"]
[PlyCount "35"]
[EventDate "2011.08.21"]

1. e4 e6 2. d4 d5 3. Nd2 dxe4 4. Nxe4 Nf6 5. Nxf6+ Qxf6 6. Nf3 Qd8 7. Bd3 c5 8.
dxc5 Bxc5 9. Bf4 Qb6 10. O-O Nc6 11. Ne5 Ne7 12. Qh5 g6 13. Qe2 a6 14. Nc4 Qd8
15. Qe5 Bd4 16. Nd6+ Kf8 17. Qxd4 Rg8 18. Bh6+ 1-0

[Event "XXIII Festival A"]
[Site "Porto San Giorgio ITA"]
[Date "2011.08.24"]
[Round "5"]
[White "Salami, Marco"]
[Black "Marsili, Riccardo"]
[Result "1-0"]
[WhiteElo "2166"]
[BlackElo "1962"]
[PlyCount "64"]
[EventDate "2011.08.21"]

1. Nf3 c5 2. e4 g6 3. d3 Bg7 4. Nbd2 Nc6 5. g3 e5 6. Bg2 Nge7 7. O-O O-O 8. c3
d6 9. a4 Rb8 10. Qc2 a6 11. Nc4 b5 12. axb5 axb5 13. Ne3 Kh8 14. Nd2 Be6 15. f4
f5 16. Nd5 Bg8 17. Nxe7 Nxe7 18. Nf3 Qc7 19. Be3 fxe4 20. dxe4 Nc6 21. h4 b4
22. h5 bxc3 23. bxc3 exf4 24. gxf4 Rb3 25. e5 dxe5 26. Nd2 Rb5 27. Qa4 Rfb8 28.
c4 Rb4 29. Qxc6 Qxc6 30. Bxc6 exf4 31. Bxf4 Bxa1 32. Rxa1 Re8 1-0

[Event "XXIII Festival A"]
[Site "Porto San Giorgio ITA"]
[Date "2011.08.24"]
[Round "5"]
[White "Sbraccia, Giovanni"]
[Black "Vuelban, Virgilio"]
[Result "0-1"]
[WhiteElo "2017"]
[BlackElo "2357"]
[PlyCount "74"]
[EventDate "2011.08.21"]

1. Nf3 g6 2. d4 Bg7 3. c4 Nf6 4. Nc3 d5 5. e3 O-O 6. cxd5 Nxd5 7. Be2 c5 8.
Nxd5 Qxd5 9. dxc5 Qxc5 10. O-O Nc6 11. Qb3 Be6 12. Qb5 Qxb5 13. Bxb5 Rac8 14.
Ng5 Bd7 15. Rb1 h6 16. Ne4 Bf5 17. f3 a6 18. Bc4 Rfd8 19. g4 Bxe4 20. fxe4 e6
21. Be2 Nb4 22. a3 Nd3 23. Bd2 Nxb2 24. Ba5 Rd6 25. Rbc1 Rdc6 26. Rxc6 Rxc6 27.
Kf2 Be5 28. h4 Rc2 29. Kf3 b5 30. g5 hxg5 31. hxg5 Kg7 32. Bd8 Rc3 33. Be7 Bd4
34. Kg4 Rxe3 35. Bf3 Nd3 36. Bd6 Ne5+ 37. Bxe5+ Bxe5 0-1

[Event "XXIII Festival A"]
[Site "Porto San Giorgio ITA"]
[Date "2011.08.24"]
[Round "5"]
[White "Scipioni, Gaetano"]
[Black "Abbatantuono, Oscar"]
[Result "1/2-1/2"]
[WhiteElo "2063"]
[BlackElo "1827"]
[PlyCount "71"]
[EventDate "2011.08.21"]

1. d4 Nf6 2. Nf3 e6 3. Bf4 c5 4. e3 d5 5. c3 Nc6 6. Nbd2 Qb6 7. Rb1 Bd7 8. Bd3
Nh5 9. Bg5 h6 10. Bh4 g5 11. Ne5 Nxe5 12. dxe5 Ng7 13. Bg3 Nf5 14. Qf3 Nxg3 15.
Qxg3 O-O-O 16. O-O Bg7 17. b4 c4 18. Bxc4 Qc7 19. Bd3 Bxe5 20. f4 Bd6 21. c4
gxf4 22. exf4 Rdg8 23. Qe3 dxc4 24. Nxc4 Bc6 25. Be4 Kb8 26. Nxd6 Qxd6 27. Rfd1
Qc7 28. Rbc1 Qe7 29. Bxc6 bxc6 30. Rxc6 Qxb4 31. Rcc1 Rd8 32. Qe5+ Ka8 33. Rd7
Qb6+ 34. Kh1 f5 35. h3 Rhg8 36. Rdc7 1/2-1/2

[Event "XXIII Festival A"]
[Site "Porto San Giorgio ITA"]
[Date "2011.08.24"]
[Round "5"]
[White "Stella, Andrea"]
[Black "Naumkin, Igor"]
[Result "1/2-1/2"]
[WhiteElo "2412"]
[BlackElo "2486"]
[PlyCount "29"]
[EventDate "2011.08.21"]

1. Nf3 Nf6 2. c4 b6 3. g3 Bb7 4. Bg2 e6 5. d4 Be7 6. O-O O-O 7. Nc3 Ne4 8. Qc2
Nxc3 9. Qxc3 f5 10. Ne5 Bxg2 11. Kxg2 Bf6 12. Nf3 c5 13. Qd3 Nc6 14. dxc5 bxc5
15. Be3 1/2-1/2

[Event "XXIII Festival A"]
[Site "Porto San Giorgio ITA"]
[Date "2011.08.24"]
[Round "5"]
[White "Stella, Luca"]
[Black "Teutsch, Alexander"]
[Result "1/2-1/2"]
[WhiteElo "2090"]
[BlackElo "1896"]
[PlyCount "31"]
[EventDate "2011.08.21"]

1. e4 d5 2. exd5 Nf6 3. c4 c6 4. Nc3 cxd5 5. cxd5 Nxd5 6. Nf3 Nc6 7. Bb5 e6 8.
O-O Be7 9. d4 O-O 10. Re1 a6 11. Bxc6 bxc6 12. Ne4 Rb8 13. a3 Qb6 14. Qc2 Bd7
15. Ne5 Bc8 16. Rd1 1/2-1/2

[Event "XXIII Festival A"]
[Site "Porto San Giorgio ITA"]
[Date "2011.08.24"]
[Round "5"]
[White "Stips, Felix"]
[Black "Zamengo, Fulvio"]
[Result "1-0"]
[WhiteElo "2213"]
[BlackElo "2007"]
[PlyCount "33"]
[EventDate "2011.08.21"]

1. d4 Nf6 2. Bg5 d5 3. Bxf6 gxf6 4. e3 c5 5. Nf3 Nc6 6. c4 dxc4 7. Bxc4 Bg4 8.
Qb3 Bh6 9. Bxf7+ Kf8 10. dxc5 Qc7 11. Be6 Bh5 12. Nc3 Rd8 13. Bd5 Ne5 14. Nd4
Nd3+ 15. Kf1 Nxc5 16. Qc4 Bg6 17. Qxc5 1-0

[Event "XXIII Festival A"]
[Site "Porto San Giorgio ITA"]
[Date "2011.08.24"]
[Round "5"]
[White "Suppa, Ercole"]
[Black "Pierantozzi, Stanislao"]
[Result "1/2-1/2"]
[WhiteElo "2123"]
[BlackElo "1971"]
[PlyCount "34"]
[EventDate "2011.08.21"]

1. d4 Nf6 2. Nf3 e6 3. e3 b6 4. Bd3 Bb7 5. Nbd2 c5 6. O-O Be7 7. Re1 cxd4 8.
exd4 O-O 9. c3 d6 10. Qe2 Nbd7 11. Ng5 Re8 12. Nde4 Nf8 13. Bb5 Nxe4 14. Nxe4
Nd7 15. Bf4 a6 16. Bd3 Nf6 17. Rad1 Nxe4 1/2-1/2

[Event "XXIII Festival A"]
[Site "Porto San Giorgio ITA"]
[Date "2011.08.24"]
[Round "5"]
[White "Suvrajit, Saha"]
[Black "Di Donatantonio, Franco"]
[Result "1-0"]
[WhiteElo "2362"]
[BlackElo "2143"]
[PlyCount "45"]
[EventDate "2011.08.21"]

1. d4 d6 2. Nf3 Nf6 3. g3 Nbd7 4. Bg2 e5 5. O-O c6 6. c4 Be7 7. Nc3 O-O 8. e4
Qc7 9. h3 Re8 10. Be3 Nf8 11. Rc1 Ng6 12. b4 Bd7 13. Qb3 h6 14. Rfd1 b6 15. c5
bxc5 16. bxc5 dxc5 17. Nxe5 Nxe5 18. dxe5 Nh7 19. f4 Be6 20. Qc2 g5 21. Nd5
cxd5 22. exd5 Rad8 23. dxe6 1-0

[Event "XXIII Festival A"]
[Site "Porto San Giorgio ITA"]
[Date "2011.08.24"]
[Round "5"]
[White "Tomasini, Giovanni"]
[Black "Boscolo, Federico"]
[Result "0-1"]
[WhiteElo "1982"]
[BlackElo "2210"]
[PlyCount "63"]
[EventDate "2011.08.21"]

1. e4 c5 2. Nf3 d6 3. d4 cxd4 4. Nxd4 Nf6 5. Nc3 g6 6. Be3 Bg7 7. f3 Nc6 8. Bc4
O-O 9. Qd2 Bd7 10. O-O-O Rb8 11. Bb3 Na5 12. h4 b5 13. Bg5 Nc4 14. Qe2 Qa5 15.
Bxc4 bxc4 16. Qxc4 Rfc8 17. Nb3 Qd8 18. Qd3 a5 19. a4 Be6 20. Nd4 Bc4 21. Qe3
Nd7 22. Ndb5 Qe8 23. Bh6 Bh8 24. h5 Nc5 25. hxg6 fxg6 26. Bg5 Nxa4 27. e5 Bxb5
28. exd6 Nxc3 29. bxc3 exd6 30. Qa7 Qf7 31. Qxf7+ Kxf7 32. Rxh7+ 0-1

[Event "XXIII Festival A"]
[Site "Porto San Giorgio ITA"]
[Date "2011.08.24"]
[Round "5"]
[White "Tortolini, Francesco"]
[Black "Allegranti, Luca"]
[Result "1/2-1/2"]
[WhiteElo "1918"]
[BlackElo "2025"]
[PlyCount "101"]
[EventDate "2011.08.21"]

1. e4 e6 2. d4 d5 3. e5 c5 4. c3 Nc6 5. Nf3 cxd4 6. cxd4 Nge7 7. a3 Nf5 8. b4
Qb6 9. Be3 Be7 10. Nc3 f6 11. Na4 Qd8 12. Bb5 Bd7 13. exf6 gxf6 14. Rc1 Nxe3
15. fxe3 O-O 16. Nc5 Bxc5 17. Rxc5 Qe8 18. Qc2 Qg6 19. Qxg6+ hxg6 20. Bd3 Be8
21. O-O a6 22. g3 g5 23. Nd2 Kg7 24. Nb3 Bg6 25. Bxg6 Kxg6 26. Rc3 e5 27. dxe5
fxe5 28. Rxf8 Rxf8 29. Rd3 Ne7 30. Nc5 Rf3 31. Nd7 e4 32. Ne5+ Kf5 33. Nxf3
exd3 34. Kf2 g4 35. Nd4+ Ke4 36. Nb3 b6 37. a4 Nc6 38. a5 bxa5 39. Nc5+ Kf5 40.
bxa5 Nxa5 41. Nxa6 Nc4 42. Nc5 d2 43. Ke2 Nxe3 44. Kxd2 Nf1+ 45. Kd3 Ke5 46.
Nd7+ Kd6 47. Nf6 Nxh2 48. Kd4 Nf3+ 49. Ke3 Nh2 50. Kd4 Ke6 51. Nxd5 1/2-1/2

[Event "XXIII Festival A"]
[Site "Porto San Giorgio ITA"]
[Date "2011.08.24"]
[Round "5"]
[White "Varvaglione, Antonio"]
[Black "Rinaudo, Andrea"]
[Result "1-0"]
[WhiteElo "1936"]
[BlackElo "2090"]
[PlyCount "109"]
[EventDate "2011.08.21"]

1. e4 c5 2. c3 d5 3. exd5 Qxd5 4. d4 Nc6 5. Nf3 Bg4 6. Be2 e6 7. h3 Bh5 8. O-O
cxd4 9. cxd4 Nf6 10. Nc3 Qa5 11. Be3 Be7 12. Qb3 Qb4 13. g4 Qxb3 14. axb3 Bg6
15. Rfc1 O-O 16. Ne5 Nb4 17. Nxg6 hxg6 18. Bf3 Nfd5 19. Nxd5 Nxd5 20. Bxd5 exd5
21. Rc7 Bb4 22. Rxb7 a5 23. Bf4 Rac8 24. Bc7 Rfe8 25. Bxa5 Bf8 26. Bc3 Rb8 27.
Raa7 Rxb7 28. Rxb7 Rd8 29. b4 Bd6 30. b5 Kf8 31. b6 Ke8 32. Kg2 Rb8 33. Rxb8+
Bxb8 34. Bb4 Kd7 35. Bf8 Kc6 36. Bxg7 Kxb6 37. Be5 Bxe5 38. dxe5 Kc5 39. Kf3
Kd4 40. Ke2 g5 41. f3 Kxe5 42. Ke3 d4+ 43. Kd3 Kd5 44. b4 f6 45. b5 Kc5 46. b6
Kxb6 47. Kxd4 Kc6 48. Ke4 Kd6 49. Kf5 Ke7 50. f4 gxf4 51. Kxf4 Ke6 52. h4 Kf7
53. Kf5 Kg7 54. h5 Kf7 55. h6 1-0

[Event "XXIII Festival A"]
[Site "Porto San Giorgio ITA"]
[Date "2011.08.24"]
[Round "5"]
[White "Vezzosi, Paolo"]
[Black "Mandolini, Riccardo"]
[Result "1/2-1/2"]
[WhiteElo "2355"]
[BlackElo "2119"]
[PlyCount "46"]
[EventDate "2011.08.21"]

1. d4 d5 2. Nf3 Nf6 3. c4 c6 4. e3 a6 5. Bd3 g6 6. Nc3 Bg7 7. O-O Bf5 8. Bxf5
gxf5 9. Qb3 Ra7 10. Bd2 O-O 11. Rfc1 dxc4 12. Qxc4 e6 13. a4 Nbd7 14. a5 Ra8
15. Qb3 Rb8 16. Qc2 Re8 17. e4 fxe4 18. Nxe4 Nxe4 19. Qxe4 Nf6 20. Qh4 Nd5 21.
Bg5 Qd6 22. Rc4 f6 23. Bd2 Re7 1/2-1/2

[Event "XXIII Festival A"]
[Site "Porto San Giorgio ITA"]
[Date "2011.08.24"]
[Round "5"]
[White "Viviani, Alessio"]
[Black "Pescatore, Lorenzo"]
[Result "0-1"]
[WhiteElo "1958"]
[BlackElo "2121"]
[PlyCount "66"]
[EventDate "2011.08.21"]

1. d4 Nf6 2. c4 e6 3. Nc3 Bb4 4. e3 b6 5. Bd3 Bb7 6. f3 c5 7. Nge2 cxd4 8. exd4
O-O 9. O-O d5 10. a3 dxc4 11. Bxc4 Bd6 12. Bd3 Nc6 13. Be3 Rc8 14. Qe1 Nd5 15.
Nxd5 exd5 16. b4 Re8 17. Qd2 Qe7 18. Bf2 Qf6 19. Rad1 Ne7 20. Be3 h6 21. Ng3
Bxg3 22. hxg3 Nf5 23. Bxf5 Qxf5 24. Rf2 Ba6 25. Rc1 Rxc1+ 26. Qxc1 Qd3 27. Bf4
Qxd4 28. Qd2 Qa1+ 29. Kh2 Re1 30. g4 h5 31. gxh5 Rh1+ 32. Kg3 Rxh5 33. Qc1 Qf6
0-1

[Event "XXIII Festival A"]
[Site "Porto San Giorgio ITA"]
[Date "2011.08.24"]
[Round "5"]
[White "Voltolini, Giuseppe"]
[Black "Di Lascio, Savino"]
[Result "0-1"]
[WhiteElo "2229"]
[BlackElo "1982"]
[PlyCount "52"]
[EventDate "2011.08.21"]

1. d4 Nf6 2. c4 c5 3. d5 b5 4. cxb5 a6 5. b6 g6 6. Nc3 d6 7. Nf3 Bg7 8. Nd2
Nbd7 9. e4 Qxb6 10. Nc4 Qc7 11. Bf4 O-O 12. Be2 Bb7 13. O-O Rfb8 14. Bg3 Ne8
15. h4 Nb6 16. Ne3 Bc8 17. h5 Bd7 18. a4 Qd8 19. Qd2 Nc7 20. Kh2 Qf8 21. f4 f5
22. hxg6 hxg6 23. e5 Be8 24. e6 Bd4 25. Rf3 Qh6+ 26. Kg1 Nbxd5 0-1

[Event "XXIII Festival A"]
[Site "Porto San Giorgio ITA"]
[Date "2011.08.24"]
[Round "5"]
[White "Zannoni, Gianni"]
[Black "Mazzarini, Daniele"]
[Result "0-1"]
[WhiteElo "1846"]
[BlackElo "1813"]
[PlyCount "130"]
[EventDate "2011.08.21"]

1. Nf3 Nf6 2. g3 g6 3. Bg2 Bg7 4. O-O c5 5. d3 O-O 6. e4 d6 7. Nbd2 Nc6 8. c3
Nd7 9. Nc4 b5 10. Ne3 Rb8 11. Rb1 Nb6 12. Bd2 Be6 13. b3 a5 14. Ng5 Bd7 15. f4
e5 16. f5 Qxg5 17. Nd5 Qd8 18. f6 Bh8 19. Qf3 Nxd5 20. exd5 Ne7 21. fxe7 Qxe7
22. h4 h5 23. Bg5 f6 24. Bd2 b4 25. c4 Bg7 26. Qe2 Kh7 27. Be4 f5 28. Bf3 Bh6
29. Be1 a4 30. Bf2 Qf6 31. Qc2 Ra8 32. Kg2 Ra7 33. Qe2 Rfa8 34. Kg1 axb3 35.
axb3 Ra3 36. Qc2 Qd8 37. Qe2 Ra2 38. Rb2 Rxb2 39. Qxb2 Ra3 40. Rb1 Qa5 41. Qc2
Ra2 42. Rb2 Rxb2 43. Qxb2 Qa3 44. Qb1 Qc1+ 45. Qxc1 Bxc1 46. Kg2 Be8 47. Kh3
Kg7 48. Kg2 Kf6 49. Kh3 g5 50. hxg5+ Kxg5 51. Kg2 Kf6 52. Kh3 Bg6 53. Bd1 e4
54. dxe4 fxe4 55. g4 hxg4+ 56. Kxg4 e3 57. Bh4+ Kf7 58. Be1 e2 59. Bxe2 Bc2 60.
Bg3 Ke7 61. Bh4+ Kd7 62. Kf3 Bxb3 63. Bd3 Ba2 64. Bf6 b3 65. Ke2 Ba3 0-1

[Event "XXIII Festival A"]
[Site "Porto San Giorgio ITA"]
[Date "2011.08.25"]
[Round "6"]
[White "Abbatantuono, Oscar"]
[Black "Consalvo, Gerardo"]
[Result "0-1"]
[WhiteElo "1827"]
[BlackElo "2012"]
[PlyCount "68"]
[EventDate "2011.08.21"]

1. e4 c5 2. Nf3 d6 3. d4 cxd4 4. Nxd4 Nf6 5. Nc3 g6 6. Be3 Bg7 7. f3 O-O 8. Qd2
Nc6 9. Bc4 Bd7 10. O-O-O Rc8 11. Bb3 Nxd4 12. Bxd4 b5 13. h4 a5 14. a3 b4 15.
axb4 axb4 16. Nb1 Qa5 17. g4 e5 18. Be3 Ba4 19. Qd3 d5 20. Bxa4 Qxa4 21. g5
dxe4 22. fxe4 b3 23. c3 Nxe4 24. Rhe1 Ng3 25. Bf2 Nf5 26. Re4 Qa8 27. Qe2 Rc6
28. Rb4 Re8 29. Rxb3 Nd4 30. Bxd4 exd4 31. Rd3 Rce6 32. Qf1 Rc8 33. Rd1 Re2 34.
Qf4 Qa4 0-1

[Event "XXIII Festival A"]
[Site "Porto San Giorgio ITA"]
[Date "2011.08.25"]
[Round "6"]
[White "Allegranti, Luca"]
[Black "Giobbi, Costantino"]
[Result "1-0"]
[WhiteElo "2025"]
[BlackElo "1878"]
[PlyCount "91"]
[EventDate "2011.08.21"]

1. d4 Nf6 2. Bg5 d6 3. Bxf6 exf6 4. e3 c6 5. Nd2 f5 6. Bd3 g6 7. Qf3 Na6 8.
Bxa6 bxa6 9. Qxc6+ Bd7 10. Qxa6 Qc7 11. Qc4 Qb7 12. Ngf3 Bg7 13. O-O O-O 14.
Qb3 Qa6 15. c4 Rab8 16. Qc3 Rfc8 17. b4 Be6 18. Rfc1 Bxc4 19. Nxc4 d5 20. Nfd2
dxc4 21. a4 Qb6 22. b5 Qe6 23. g3 f4 24. gxf4 g5 25. fxg5 Qg4+ 26. Kf1 Qxg5 27.
Nf3 Qh5 28. Ke2 Rb6 29. Rg1 Rf6 30. Rg3 Rg6 31. Rag1 Rc5 32. Qc2 Rcg5 33. Qe4
c3 34. Qh4 Bf8 35. Qxh5 Rxh5 36. Rxg6+ hxg6 37. Rg5 Rh3 38. Rg3 Rh5 39. Kd3 Bb4
40. e4 Kf8 41. h3 Ke7 42. Ng1 Rh8 43. Ne2 Rh4 44. Nxc3 Bxc3 45. Kxc3 Rxe4 46.
Re3 1-0

[Event "XXIII Festival A"]
[Site "Porto San Giorgio ITA"]
[Date "2011.08.25"]
[Round "6"]
[White "Balzano, Filli"]
[Black "Calabrese, Maurizio"]
[Result "1-0"]
[WhiteElo "1822"]
[BlackElo "1567"]
[PlyCount "107"]
[EventDate "2011.08.21"]

1. e4 c5 2. c3 Nc6 3. d4 cxd4 4. cxd4 Nf6 5. Nc3 d6 6. h3 e6 7. Nf3 a6 8. Bd3
b5 9. a3 g6 10. Bg5 h6 11. Bh4 g5 12. Bg3 Bg7 13. e5 Nh5 14. Ne4 d5 15. Nd6+
Kf8 16. Rc1 Nxg3 17. fxg3 Nxd4 18. Rf1 Nf5 19. Bxf5 exf5 20. Qxd5 Be6 21. Qc5
Kg8 22. Nd4 Qe7 23. N6xf5 Qa7 24. Nxg7 Qxc5 25. Rxc5 Kxg7 26. Rc7 Rhf8 27. Rf6
Bb3 28. Nf5+ Kg8 29. Nxh6+ Kh8 30. Nxf7+ Bxf7 31. Rfxf7 Rxf7 32. Rxf7 Kg8 33.
Rf5 Rc8 34. Rxg5+ Kf7 35. Rf5+ Ke6 36. Rf2 Kxe5 37. g4 Ke4 38. Re2+ Kd3 39. g5
Rc1+ 40. Kf2 Rc5 41. Re3+ Kd4 42. h4 Re5 43. g6 Rf5+ 44. Rf3 Rc5 45. g7 Rc2+
46. Kg3 Rxb2 47. g8=Q Rb1 48. Qg4+ Kc5 49. Qf5+ Kb6 50. Qxb1 Ka5 51. Qb4+ Kb6
52. Rf6+ Ka7 53. Qe7+ Ka8 54. Rf8# 1-0

[Event "XXIII Festival A"]
[Site "Porto San Giorgio ITA"]
[Date "2011.08.25"]
[Round "6"]
[White "Barberi, Alessandro"]
[Black "Carnicelli, Flavio"]
[Result "1-0"]
[WhiteElo "2062"]
[BlackElo "1904"]
[PlyCount "87"]
[EventDate "2011.08.21"]

1. d4 d5 2. Nf3 e6 3. e3 Nf6 4. Bd3 c5 5. b3 Bd6 6. Bb2 Nc6 7. a3 O-O 8. Nbd2
b6 9. O-O Bb7 10. Qe2 Ne7 11. Ne5 Rc8 12. f3 Ng6 13. g3 Qc7 14. f4 Nd7 15. Rf2
f5 16. h3 Nf6 17. Kh2 Bxe5 18. dxe5 Ne4 19. Bxe4 fxe4 20. Raf1 Rf7 21. c4 Rcf8
22. cxd5 Bxd5 23. Nc4 Bxc4 24. Qxc4 Qc6 25. Rd1 b5 26. Qc2 c4 27. Rd6 Qc5 28.
Bd4 Qxa3 29. bxc4 b4 30. Qa2 Qc1 31. Rxe6 Ne7 32. g4 Rc8 33. Rc2 Qf1 34. Bxa7
Nc6 35. Bb6 Qd3 36. Rd6 b3 37. Rxd3 bxa2 38. Ra3 Nb4 39. Rc1 Rd7 40. Bd4 Rxd4
41. exd4 e3 42. Kg2 e2 43. Kf2 a1=Q 44. Rcxa1 1-0

[Event "XXIII Festival A"]
[Site "Porto San Giorgio ITA"]
[Date "2011.08.25"]
[Round "6"]
[White "Bardone, Lorenzo"]
[Black "Vesce, Emanuele"]
[Result "1/2-1/2"]
[WhiteElo "1775"]
[BlackElo "1865"]
[PlyCount "27"]
[EventDate "2011.08.21"]

1. e4 c5 2. Nf3 d6 3. Bb5+ Bd7 4. Bxd7+ Qxd7 5. O-O Nc6 6. c3 Nf6 7. d4 e6 8.
d5 exd5 9. exd5 Ne7 10. c4 Ng6 11. Re1+ Be7 12. Nc3 O-O 13. a3 Qa4 14. Qd3
1/2-1/2

[Event "XXIII Festival A"]
[Site "Porto San Giorgio ITA"]
[Date "2011.08.25"]
[Round "6"]
[White "Benaglia, Giovanni"]
[Black "Barlocco, Carlo"]
[Result "0-1"]
[WhiteElo "1978"]
[BlackElo "2135"]
[PlyCount "44"]
[EventDate "2011.08.21"]

1. d4 d5 2. Bg5 h6 3. Bh4 c6 4. e3 Qb6 5. Qc1 e5 6. Nf3 e4 7. Nfd2 Ne7 8. Bg3
Nf5 9. Bf4 Nd7 10. h3 Bd6 11. Bxd6 Nxd6 12. c4 Qd8 13. c5 Nf5 14. b4 O-O 15.
Be2 Qg5 16. Rg1 Nf6 17. Nf1 Nxd4 18. h4 Nxe2 19. hxg5 Nxc1 20. gxf6 Nd3+ 21.
Ke2 g5 22. a3 a5 0-1